[Event "Landesliga Nord 1011"]
[Site "Bayern"]
[Date "2011.01.16"]
[Round "5.4"]
[White "Rink, Christian"]
[Black "Gegenfurtner, Juergen"]
[Result "1/2-1/2"]
[WhiteElo "2067"]
[BlackElo "2214"]
[PlyCount "94"]
[EventDate "2010.10.10"]
[EventType "team-tourn"]
[EventRounds "9"]
[EventCountry "GER"]
[SourceTitle "EXT 2012"]
[Source "ChessBase"]
[SourceDate "2011.11.24"]
[SourceVersion "1"]
[SourceVersionDate "2011.11.24"]
[SourceQuality "1"]
[WhiteTeam "Schweinfurt"]
[BlackTeam "Neutraubling"]
[WhiteTeamCountry "GER"]
[BlackTeamCountry "GER"]

1. e4 e5 2. Nf3 Nc6 3. Bb5 a6 4. Ba4 Nf6 5. 0-0 Be7 6. Re1 b5 7. Bb3 d6 8. c3 Bg4 9. d3 0-0 10. Nbd2 Na5 11. Bc2 c5 12. Nf1 Ne8 13. Ne3 Bxf3 14. Qxf3 Bg5 15. Qg4 Kh8 16. g3 g6 17. f4 Bf6 18. Nd5 Bg7 19. fxe5 dxe5 20. Be3 Rc8 21. b4 Nb7 22. Bb3 f5 23. Qh3 Ned6 24. Bf2 Nf7 25. Qg2 fxe4 26. dxe4 Ng5 27. Red1 Qd7 28. Be3 Qg4 29. Nb6 Rc7 30. bxc5 Nxc5 31. Nd5 Rcc8 32. Bxg5 Qxg5 33. Bc2 Bh6 34. a4 bxa4 35. Bxa4 Rb8 36. Rf1 Rxf1+ 37. Qxf1 Nxe4 38. Bc2 Nxc3 39. Nxc3 Qe3+ 40. Kh1 Qxc3 41. Be4 a5 42. Rd1 Bg7 43. Qg2 a4 44. Bxg6 h6 45. Bc2 Qb4 46. Qc6 Qg4 47. Qxa4 Qxa4 1/2-1/2

[Event "Landesliga Nord 1011"]
[Site "Bayern"]
[Date "2010.11.14"]
[Round "3.4"]
[White "Rink, Christian"]
[Black "Mittag, Ralf"]
[Result "1-0"]
[WhiteElo "2067"]
[BlackElo "2038"]
[PlyCount "51"]
[EventDate "2010.10.10"]
[EventType "team-tourn"]
[EventRounds "9"]
[EventCountry "GER"]
[SourceTitle "EXT 2012"]
[Source "ChessBase"]
[SourceDate "2011.11.24"]
[SourceVersion "1"]
[SourceVersionDate "2011.11.24"]
[SourceQuality "1"]
[WhiteTeam "Schweinfurt"]
[BlackTeam "Bamberg"]
[WhiteTeamCountry "GER"]
[BlackTeamCountry "GER"]

1. d4 d5 2. c4 Nf6 3. cxd5 Nxd5 4. e4 Nb6 5. Nc3 g6 6. Be3 Bg7 7. Nf3 Bg4 8. Bb5+ N8d7 9. h3 Bxf3 10. gxf3 e6 11. h4 h5 12. a4 a5 13. Bg5 Bf6 14. Rg1 Qe7 15. Ra3 Rd8 16. Rb3 Kf8 17. Qc1 Bxg5 18. Qxg5 Qxg5 19. Rxg5 c6 20. Bf1 Ra8 21. Bh3 Ra7 22. f4 Ke7 23. d5 exd5 24. exd5 Nc8 25. Ne4 Nf6 26. Re5+ 1-0

[Event "Landesliga Nord 1011"]
[Site "Bayern"]
[Date "2010.10.24"]
[Round "2.3"]
[White "Rink, Christian"]
[Black "Van Baarle, John"]
[Result "1/2-1/2"]
[WhiteElo "2067"]
[BlackElo "2168"]
[PlyCount "44"]
[EventDate "2010.10.10"]
[EventType "team-tourn"]
[EventRounds "9"]
[EventCountry "GER"]
[SourceTitle "EXT 2012"]
[Source "ChessBase"]
[SourceDate "2011.11.24"]
[SourceVersion "1"]
[SourceVersionDate "2011.11.24"]
[SourceQuality "1"]
[WhiteTeam "Schweinfurt"]
[BlackTeam "Obernau"]
[WhiteTeamCountry "GER"]
[BlackTeamCountry "GER"]

1. d4 d5 2. c4 e6 3. Nc3 Nf6 4. Bg5 Be7 5. cxd5 exd5 6. e3 c6 7. Bd3 Nbd7 8. Qc2 Nf8 9. Nf3 Ne6 10. Bh4 g6 11. h3 Ng7 12. g4 Be6 13. 0-0-0 Nd7 14. Bg3 0-0 15. Ne5 f6 16. Nxd7 Qxd7 17. f3 Bd6 18. Qh2 Bxg3 19. Qxg3 f5 20. Qh2 Qe7 21. Rde1 Qh4 22. Qd2 Rae8 1/2-1/2

[Event "Landesliga Nord 0910"]
[Site "Bayern"]
[Date "2010.03.21"]
[Round "8.6"]
[White "Mittag, Ralf"]
[Black "Rink, Christian"]
[Result "1/2-1/2"]
[WhiteElo "2059"]
[BlackElo "2068"]
[PlyCount "74"]
[EventDate "2009.10.18"]
[EventType "team-tourn"]
[EventRounds "9"]
[EventCountry "GER"]
[SourceTitle "EXT 2011"]
[Source "ChessBase"]
[SourceDate "2010.11.26"]
[SourceVersion "1"]
[SourceVersionDate "2010.11.26"]
[SourceQuality "1"]
[WhiteTeam "Bamberg"]
[BlackTeam "Schweinfurt"]
[WhiteTeamCountry "GER"]
[BlackTeamCountry "GER"]

1. e4 e5 2. Nf3 Nc6 3. g3 Nf6 4. d3 Bc5 5. Bg2 0-0 6. 0-0 d6 7. c3 Bb6 8. Na3 a6 9. Nc4 Ba7 10. Be3 b5 11. Bxa7 Rxa7 12. Ne3 Ne7 13. a4 bxa4 14. Rxa4 Bd7 15. Ra3 Ng4 16. Nxg4 Bxg4 17. Qa1 Qb8 18. b4 Qb5 19. c4 Qxb4 20. Rb1 Qc5 21. Rxa6 Rxa6 22. Qxa6 Bxf3 23. Bxf3 f5 24. exf5 Rxf5 25. Rb8+ Rf8 26. Rxf8+ Kxf8 27. Qa8+ Kf7 28. Qh8 h6 29. Bh5+ g6 30. Qh7+ Kf6 31. Qxh6 Kf7 32. Bf3 Qd4 33. Be4 c6 34. Qh7+ Kf6 35. Qh8+ Kf7 36. Qh7+ Kf6 37. Qh8+ Kf7 1/2-1/2

[Event "Landesliga Nord 0910"]
[Site "Bayern"]
[Date "2010.02.28"]
[Round "7.6"]
[White "Rink, Christian"]
[Black "Fredrich, Viktor"]
[Result "1-0"]
[WhiteElo "2068"]
[BlackElo "1916"]
[PlyCount "81"]
[EventDate "2009.10.18"]
[EventType "team-tourn"]
[EventRounds "9"]
[EventCountry "GER"]
[SourceTitle "EXT 2011"]
[Source "ChessBase"]
[SourceDate "2010.11.26"]
[SourceVersion "1"]
[SourceVersionDate "2010.11.26"]
[SourceQuality "1"]
[WhiteTeam "Schweinfurt"]
[BlackTeam "Kulmbach"]
[WhiteTeamCountry "GER"]
[BlackTeamCountry "GER"]

1. d4 Nf6 2. c4 g6 3. Nc3 Bg7 4. e4 d6 5. f3 0-0 6. Be3 Nc6 7. Nge2 e5 8. d5 Ne7 9. Qd2 Nd7 10. 0-0-0 f5 11. g4 fxg4 12. fxg4 Nb6 13. Ng3 Bxg4 14. Be2 Bh3 15. Rdg1 Rf7 16. Nd1 Qf8 17. Bd3 c6 18. Nf2 Bd7 19. Kb1 cxd5 20. cxd5 Rc8 21. h4 Nc4 22. Bxc4 Rxc4 23. h5 g5 24. h6 Bxh6 25. Qe2 Rxf2 26. Bxf2 Rc7 27. Qh5 Nxd5 28. exd5 Qxf2 29. Qxh6 Qc2+ 30. Ka1 Qg6 31. Qxg6+ hxg6 32. Ne4 g4 33. Rh6 Rc4 34. Nxd6 Kg7 35. Rgh1 Rf4 36. Rh7+ Kf6 37. Rxd7 g3 38. Rf7+ Kg5 39. Rxf4 exf4 40. Ne4+ Kf5 41. Nxg3+ 1-0

[Event "Bad Koenigshofen op 6th"]
[Site "Bad Koenigshofen"]
[Date "2007.12.27"]
[Round "3"]
[White "Seidens, Udo"]
[Black "Rink, Christian"]
[Result "1-0"]
[WhiteElo "2184"]
[BlackElo "2142"]
[PlyCount "57"]
[EventDate "2007.12.26"]
[EventType "swiss"]
[EventRounds "7"]
[EventCountry "GER"]
[SourceTitle "CBM 122 Extra"]
[Source "ChessBase"]
[SourceDate "2008.03.04"]
[SourceVersion "1"]
[SourceVersionDate "2008.03.04"]
[SourceQuality "1"]

1. Nf3 Nf6 2. g3 b6 3. Bg2 Bb7 4. 0-0 e6 5. c4 Be7 6. d4 c6 7. Nc3 d5 8. Ne5 dxc4 9. Nxc4 0-0 10. Bf4 Nd5 11. Ne4 Nxf4 12. gxf4 Qc7 13. e3 Nd7 14. Rc1 Nf6 15. Ne5 Nxe4 16. Bxe4 c5 17. Qf3 Bxe4 18. Qxe4 f5 19. Qf3 Rad8 20. b4 Rd5 21. dxc5 bxc5 22. b5 Bd6 23. Nc4 Be7 24. Ne5 a6 25. a4 Rb8 26. Rfd1 Qb7 27. Nc6 Rxd1+ 28. Rxd1 Re8 29. bxa6 1-0

[Event "Regionalliga NW 0607"]
[Site "Bayern"]
[Date "2006.10.15"]
[Round "1.4"]
[White "Scherbel, Hans"]
[Black "Rink, Christian"]
[Result "1-0"]
[WhiteElo "1971"]
[BlackElo "2080"]
[PlyCount "113"]
[EventDate "2006.10.15"]
[EventType "team-tourn"]
[EventRounds "9"]
[EventCountry "GER"]
[SourceTitle "EXT 2008"]
[Source "ChessBase"]
[SourceDate "2007.11.25"]
[SourceVersion "1"]
[SourceVersionDate "2007.11.25"]
[SourceQuality "1"]
[WhiteTeam "Nordhalben"]
[BlackTeam "Schweinfurt"]
[WhiteTeamCountry "GER"]
[BlackTeamCountry "GER"]

1. c4 Nf6 2. Nc3 g6 3. e4 d6 4. Nf3 Bg7 5. d4 0-0 6. Be2 e5 7. 0-0 Nc6 8. d5 Ne7 9. Ne1 Ne8 10. Nd3 f5 11. Bd2 Kh8 12. Rc1 Ng8 13. f3 f4 14. c5 h5 15. cxd6 cxd6 16. Nf2 Rf7 17. a4 Bf8 18. Nb5 g5 19. Qc2 Ngf6 20. h3 g4 21. hxg4 hxg4 22. fxg4 Rg7 23. Qb3 Kg8 24. a5 Bd7 25. Rc2 Nxg4 26. Bxg4 Bxg4 27. Nxg4 Rxg4 28. Be1 a6 29. Qf3 Rg7 30. Na3 Rc8 31. Nc4 Qf6 32. Bf2 Qg6 33. Rfc1 Rcc7 34. Bb6 Rcf7 35. Nd2 Nf6 36. Rc7 Rxc7 37. Rxc7 Rxc7 38. Bxc7 Qg4 39. Qxg4+ Nxg4 40. Nc4 Nf6 41. Nxd6 Bxd6 42. Bxd6 Ng4 43. Kf1 Kf7 44. Ke2 Kf6 45. Bc5 Kf7 46. Kd3 Ke8 47. Ke2 Kd7 48. b4 Kc7 49. Bg1 Kd6 50. Kf3 Nf6 51. Bf2 Kd7 52. g3 fxg3 53. Bxg3 Kd6 54. Bh4 Nd7 55. Bd8 Nf8 56. Kg4 Ng6 57. Bg5 1-0

[Event "Landesliga Nord 0506"]
[Site "Bayern"]
[Date "2006.02.19"]
[Round "7.4"]
[White "Rink, Christian"]
[Black "Weigel, Robert"]
[Result "0-1"]
[WhiteElo "2090"]
[BlackElo "2121"]
[PlyCount "98"]
[EventDate "2005.10.23"]
[EventType "team"]
[EventRounds "9"]
[EventCountry "GER"]
[SourceTitle "EXT 2007"]
[Source "ChessBase"]
[SourceDate "2006.11.23"]
[SourceVersion "1"]
[SourceVersionDate "2006.11.23"]
[SourceQuality "1"]

1. d4 Nf6 2. c4 e6 3. Nc3 Bb4 4. e3 c5 5. a3 Bxc3+ 6. bxc3 0-0 7. Bd3 Nc6 8. Ne2 d6 9. 0-0 e5 10. e4 Re8 11. d5 Ne7 12. f3 Kh8 13. Ra2 Nfg8 14. f4 exf4 15. Nxf4 Nf6 16. h3 Nd7 17. Raf2 Ne5 18. Nh5 N7g6 19. Bc2 Rg8 20. Rf5 Bxf5 21. exf5 Nf8 22. Qe1 Nfd7 23. f6 g6 24. Qe4 Qf8 25. Bg5 h6 26. Bc1 Kh7 27. Rf4 Rh8 28. Ng7 Nxf6 29. Rxf6 Kxg7 30. Rf1 Qe7 31. Ba4 Rad8 32. Bf4 f6 33. Bc2 Qf7 34. Bxe5 dxe5 35. Rb1 b6 36. a4 Rhe8 37. a5 f5 38. Qe1 Rd6 39. axb6 axb6 40. Ra1 Qe7 41. Ra6 Kf6 42. Qa1 e4 43. Ra7 Qe5 44. Qe1 Qf4 45. g3 Qe5 46. Qe3 g5 47. h4 f4 48. Qe2 f3 49. Qh2 g4 0-1

[Event "Landesliga Nord 0506"]
[Site "Bayern"]
[Date "2006.01.15"]
[Round "5.5"]
[White "Wulfmeyer, Johannes"]
[Black "Rink, Christian"]
[Result "1-0"]
[WhiteElo "2102"]
[BlackElo "2090"]
[PlyCount "139"]
[EventDate "2005.10.23"]
[EventType "team"]
[EventRounds "9"]
[EventCountry "GER"]
[SourceTitle "EXT 2007"]
[Source "ChessBase"]
[SourceDate "2006.11.23"]
[SourceVersion "1"]
[SourceVersionDate "2006.11.23"]
[SourceQuality "1"]

1. c4 Nf6 2. g3 g6 3. Bg2 Bg7 4. Nc3 d6 5. d3 0-0 6. e4 c6 7. Nge2 a6 8. a4 a5 9. 0-0 Na6 10. h3 e5 11. f4 Nd7 12. f5 Nb4 13. Na2 Nc5 14. Nxb4 axb4 15. Be3 Bf6 16. g4 Bg5 17. Bxg5 Qxg5 18. Rf3 Bd7 19. Qe1 b5 20. axb5 Rxa1 21. Qxa1 cxb5 22. Qe1 bxc4 23. dxc4 Bc6 24. Qxb4 Bxe4 25. Rg3 Bd3 26. Qe1 Bxc4 27. b4 Na6 28. Nc3 Qd8 29. Qe3 g5 30. h4 Nxb4 31. hxg5 d5 32. Qxe5 Re8 33. Qf4 Qe7 34. Rh3 Qe1+ 35. Kh2 Nd3 36. Qd4 Qe5+ 37. Qxe5 Nxe5 38. Bxd5 Nxg4+ 39. Kg3 Ne5 40. Bxc4 Nxc4 41. Kf4 f6 42. gxf6 Re1 43. Rg3+ Kf8 44. Ne4 Rf1+ 45. Kg5 Ne5 46. Rc3 Nf3+ 47. Kg4 Ne5+ 48. Kg3 Rxf5 49. Rc8+ Kf7 50. Nd6+ Ke6 51. Nxf5 Kxf5 52. Rc6 Kg6 53. Rd6 Nf7 54. Ra6 Ne5 55. Kf4 Nd7 56. Rd6 Nf8 57. Ke5 h5 58. Rd1 h4 59. Rg1+ Kf7 60. Rg7+ Ke8 61. Re7+ Kd8 62. Kf5 h3 63. Re3 h2 64. Rh3 Ke8 65. Rxh2 Kf7 66. Ra2 Kg8 67. Ra7 Kh8 68. Rf7 Kg8 69. Rg7+ Kh8 70. Rg1 1-0

[Event "Landesliga Nord 0506"]
[Site "Bayern"]
[Date "2005.12.11"]
[Round "4.4"]
[White "Wutz, Christoph"]
[Black "Rink, Christian"]
[Result "1/2-1/2"]
[WhiteElo "2141"]
[BlackElo "2090"]
[PlyCount "36"]
[EventDate "2005.10.23"]
[EventType "team"]
[EventRounds "9"]
[EventCountry "GER"]
[SourceTitle "EXT 2007"]
[Source "ChessBase"]
[SourceDate "2006.11.23"]
[SourceVersion "1"]
[SourceVersionDate "2006.11.23"]
[SourceQuality "1"]

1. d4 Nf6 2. c4 g6 3. Nc3 Bg7 4. e4 0-0 5. f4 d6 6. Nf3 c5 7. dxc5 Qa5 8. Bd3 Qxc5 9. Qe2 Nc6 10. Be3 Qa5 11. 0-0 Bg4 12. Rac1 e5 13. f5 gxf5 14. exf5 e4 15. Nxe4 Nxe4 16. Bxe4 Rfe8 17. Bxc6 bxc6 18. Qf2 Qxf5 1/2-1/2

[Event "Wuerzburg op Seniors 15th"]
[Site "Wuerzburg"]
[Date "2005.08.30"]
[Round "2"]
[White "Rink, Christian"]
[Black "Wawrinsky, Ludwig"]
[Result "1-0"]
[WhiteElo "2090"]
[BlackElo "1806"]
[PlyCount "127"]
[EventDate "2005.08.27"]
[EventType "swiss"]
[EventRounds "9"]
[EventCountry "GER"]
[SourceTitle "EXT 2007"]
[Source "ChessBase"]
[SourceDate "2006.11.23"]
[SourceVersion "1"]
[SourceVersionDate "2006.11.23"]
[SourceQuality "1"]

1. d4 Nf6 2. c4 e6 3. Nc3 Bb4 4. a3 Bxc3+ 5. bxc3 d6 6. f3 Nbd7 7. e4 e5 8. Be3 0-0 9. Bd3 Re8 10. Ne2 Nh5 11. g4 Nhf6 12. Ra2 exd4 13. cxd4 c5 14. g5 Nh5 15. d5 f5 16. Ng3 f4 17. Nxh5 fxe3 18. Rg1 g6 19. Nf4 Ne5 20. Ke2 Qa5 21. Qe1 Qxe1+ 22. Rxe1 Rf8 23. Kxe3 Rxf4 24. Be2 Rh4 25. f4 Rh3+ 26. Kf2 Nd3+ 27. Bxd3 Rxd3 28. e5 Rd4 29. Kg3 Rd3+ 30. Kf2 Bg4 31. Re3 Rd4 32. Kg3 Bf5 33. exd6 Rxc4 34. Re7 Rc3+ 35. Kf2 Rc2+ 36. Rxc2 Bxc2 37. Rxb7 Rd8 38. Rc7 Rxd6 39. Rxc5 Bf5 40. Ke3 Kf8 41. Ra5 a6 42. Kd4 Ke7 43. h4 Kd7 44. Ke5 Bd3 45. Rc5 Rb6 46. Rc3 Bf5 47. h5 a5 48. Rc5 a4 49. Ra5 Bc2 50. Ra7+ Kd8 51. h6 Rb3 52. Rxh7 Rxa3 53. Rh8+ Kd7 54. h7 Rh3 55. Ra8 Re3+ 56. Kd4 Rd3+ 57. Kc4 Rh3 58. h8Q Bb3+ 59. Kc5 Rxh8 60. Rxh8 a3 61. Rh7+ Kc8 62. Ra7 a2 63. Kc6 Kb8 64. Ra3 1-0

[Event "Unterfranken-ch M1 56th"]
[Site "Stetten"]
[Date "2005.04.02"]
[Round "9"]
[White "Rink, Christian"]
[Black "Mikliaeva, Darja S"]
[Result "1/2-1/2"]
[WhiteElo "2133"]
[BlackElo "2122"]
[PlyCount "31"]
[EventDate "2005.03.28"]
[EventType "swiss"]
[EventRounds "9"]
[EventCountry "GER"]
[SourceTitle "EXT 2015"]
[Source "ChessBase"]
[SourceDate "2014.11.20"]
[SourceVersion "1"]
[SourceVersionDate "2014.11.20"]
[SourceQuality "1"]

1. d4 d5 2. c4 e6 3. Nc3 Nf6 4. Bg5 Be7 5. e3 0-0 6. cxd5 Nxd5 7. Bxe7 Qxe7 8. Rc1 b6 9. Nf3 Bb7 10. Be2 c5 11. Nxd5 exd5 12. b3 Nd7 13. 0-0 Rac8 14. Qd2 Nf6 15. Qb2 Ne4 16. Rfd1 1/2-1/2

[Event "Regionalliga NW 0405"]
[Site "Bayern"]
[Date "2004.11.14"]
[Round "2.4"]
[White "Rink, Christian"]
[Black "Oster, Klaus"]
[Result "1-0"]
[WhiteElo "2129"]
[BlackElo "1695"]
[PlyCount "41"]
[EventDate "2004.10.24"]
[EventType "team-tourn"]
[EventRounds "9"]
[EventCountry "GER"]
[SourceTitle "EXT 2007"]
[Source "ChessBase"]
[SourceDate "2006.11.23"]
[SourceVersion "1"]
[SourceVersionDate "2006.11.23"]
[SourceQuality "1"]
[WhiteTeam "Schweinfurt"]
[BlackTeam "Sailauf"]
[WhiteTeamCountry "GER"]
[BlackTeamCountry "GER"]

1. e4 d5 2. exd5 Qxd5 3. Nc3 Qa5 4. d4 Nf6 5. Nf3 Bg4 6. h3 Bh5 7. g4 Bg6 8. Bd2 c6 9. Bc4 e6 10. Qe2 Qc7 11. Bb3 Be7 12. Ne5 Nbd7 13. h4 Nxe5 14. dxe5 Nxg4 15. Qxg4 Qxe5+ 16. Qe2 Qf5 17. h5 0-0-0 18. hxg6 Qxg6 19. 0-0-0 h5 20. Bf4 Bf6 21. Bxe6+ 1-0

[Event "Unterfranken-ch M1 55th"]
[Site "Bad Koenigshofen"]
[Date "2004.04.12"]
[Round "2"]
[White "Rink, Christian"]
[Black "Vogt, Thomas"]
[Result "1/2-1/2"]
[WhiteElo "2060"]
[BlackElo "1993"]
[PlyCount "102"]
[EventDate "2004.04.12"]
[EventType "swiss"]
[EventRounds "9"]
[EventCountry "GER"]
[SourceTitle "EXT 2015"]
[Source "ChessBase"]
[SourceDate "2014.11.20"]
[SourceVersion "1"]
[SourceVersionDate "2014.11.20"]
[SourceQuality "1"]

1. e4 e5 2. Nf3 Nc6 3. Bb5 a6 4. Ba4 d6 5. c3 Bd7 6. d4 Nge7 7. Bb3 h6 8. Nh4 Na5 9. Bc2 g6 10. Na3 Bg7 11. Be3 Nc8 12. Nf3 Bg4 13. h3 Bxf3 14. Qxf3 0-0 15. Rd1 Nc6 16. d5 N6e7 17. g4 b5 18. Qg3 f6 19. f4 exf4 20. Bxf4 g5 21. Bc1 Ng6 22. Nb1 Nb6 23. Nd2 Re8 24. 0-0 Qe7 25. Nf3 Nc4 26. b3 Nce5 27. Nd4 Nh4 28. b4 Qd7 29. Rf2 Re7 30. Rdf1 Rf7 31. Bd1 Nc4 32. a4 Re8 33. axb5 axb5 34. Qd3 Ng6 35. Ra2 Nge5 36. Qg3 Ng6 37. Qd3 Nge5 38. Qg3 Ng6 39. Bc2 Rc8 40. Ra6 Rff8 41. Ne6 Rf7 42. Ra7 Nf8 43. e5 dxe5 44. Nxg7 Kxg7 45. Bf5 Qd8 46. Bxc8 Qxc8 47. Be3 Qd7 48. Rd1 Nb2 49. Rd2 Nc4 50. Rd1 Nb2 51. Rd2 Nc4 1/2-1/2

[Event "Regionalliga NW 0304"]
[Site "Bayern"]
[Date "2004.03.28"]
[Round "8.4"]
[White "Rink, Christian"]
[Black "Seeger, Werner"]
[Result "1/2-1/2"]
[WhiteElo "2072"]
[BlackElo "2105"]
[PlyCount "24"]
[EventDate "2003.10.12"]
[EventType "team-tourn"]
[EventRounds "9"]
[EventCountry "GER"]
[SourceTitle "EXT 2006"]
[Source "ChessBase"]
[SourceDate "2005.11.24"]
[SourceVersion "1"]
[SourceVersionDate "2005.11.24"]
[SourceQuality "1"]
[WhiteTeam "Schweinfurt"]
[BlackTeam "Burgsinn"]
[WhiteTeamCountry "GER"]
[BlackTeamCountry "GER"]

1. e4 c5 2. Nf3 d6 3. d4 cxd4 4. Nxd4 Nf6 5. Nc3 Nbd7 6. Be2 a6 7. 0-0 Nc5 8. f3 e5 9. Nb3 Be6 10. Nxc5 dxc5 11. Qxd8+ Rxd8 12. Be3 Be7 1/2-1/2

[Event "Regionalliga NW 0304"]
[Site "Bayern"]
[Date "2003.12.14"]
[Round "4.5"]
[White "Sternheimer, Erhard"]
[Black "Rink, Christian"]
[Result "1/2-1/2"]
[WhiteElo "2103"]
[BlackElo "2072"]
[PlyCount "81"]
[EventDate "2003.10.12"]
[EventType "team-tourn"]
[EventRounds "9"]
[EventCountry "GER"]
[SourceTitle "EXT 2006"]
[Source "ChessBase"]
[SourceDate "2005.11.24"]
[SourceVersion "1"]
[SourceVersionDate "2005.11.24"]
[SourceQuality "1"]
[WhiteTeam "Koenigshofen"]
[BlackTeam "Schweinfurt"]
[WhiteTeamCountry "GER"]
[BlackTeamCountry "GER"]

1. Nf3 Nf6 2. d4 e6 3. e3 b6 4. Bd3 Bb7 5. 0-0 Be7 6. Nbd2 d6 7. Re1 c5 8. c3 Nc6 9. Qe2 0-0 10. a3 Rc8 11. e4 cxd4 12. cxd4 Rc7 13. b4 Qd7 14. Bb2 Rfc8 15. Rad1 Qe8 16. d5 Nd8 17. Nd4 exd5 18. Nb5 Rd7 19. exd5 Nxd5 20. Qg4 g6 21. Bf5 Rdc7 22. Ne4 Ne6 23. Bxe6 fxe6 24. Qxe6+ Qf7 25. Nxc7 Rxc7 26. Nxd6 Qxe6 27. Rxe6 Nf4 28. Rxe7 Rxe7 29. Nxb7 Rxb7 30. Rd8+ Kf7 31. g3 Nh5 32. Be5 Nf6 33. f4 Ng4 34. Bb8 Ke7 35. Rh8 Ke6 36. h3 Nf6 37. Be5 Ne4 38. Kg2 Rd7 39. Kf3 Nd2+ 40. Ke2 Nc4 41. a4 1/2-1/2